000
00296nam a22001217a 4500
082
_a
425
_b
TAY/E
100
_a
TAYLOR,GRANT
245
_a
ENGLISH CONVERSATION PRACTICE
260
_a
NEW YORK
_b
MC GRAW HILL EDUCATION
_c
1975
300
_a
301
650
_a
CONVERATION PRACTICE
_z
NEW YORK
942
_c
BK
999
_c
3926
_d
3926